|
|
|
|
| LEADER |
00000cam a2200000 7i4500 |
| 001 |
0000022122 |
| 005 |
20080823.0 |
| 040 |
|
|
|a INS
|
| 090 |
0 |
0 |
|a VCD 637
|
| 245 |
0 |
0 |
|a MTCP 1995 :
|b Cultural show :
|b 6 October 1995 [
|h cakera video]
|
| 260 |
|
|
|a Bangi :
|b Institut Penilaian Negara ,
|c 1995
|
| 300 |
|
|
|a 1 cakera video (56 min.) :
|b by., wrn. ;
|c 4 3/4 in.
|
| 500 |
|
|
|a Juga terdapat dalam format VHS 602
|
| 650 |
0 |
0 |
|a Festivals
|
| 650 |
0 |
0 |
|a Rites and ceremonies
|
| 710 |
1 |
|
|a Institut Penilaian Negara
|
| 999 |
|
|
|a VCD0000637
|b VIDEO CD
|c Media Collection
|e Default branch
|
| 999 |
|
|
|a VCD0001641
|b DIGITAL VIDEO CD
|c Media Collection
|e Default branch
|